000 01127nam a22003377a 4500
003 CHAP
005 20220329134902.0
008 971013s1941 r 00010 d
010 _a27509
011 _a28481
035 _a32585
040 _cCHAP
090 _aTesis
100 0 0 _aKesselbrenner, Elias.
_963105
245 _aContribución de las obras para aprovechar las aguas de la presa Ajojúcar
260 _aMéxico, D. F. :
_bEl autor,
_c1941
300 _a167 h.
_b: ilus.
502 _aTesis (Ing. Agr. Esp. en Irrigación) -- ENA. Departamento de Irrigación
590 _aALEPH
_b10
_c20130110
_lUCH01
_h1249
590 _aBATCH-UPD
_b10
_c20130110
_lUCH01
_h2207
590 _aBATCH-UPD
_b10
_c20130410
_lUCH01
_h1511
590 _aBATCH-UPD
_b10
_c20130914
_lUCH01
_h1657
590 _aCONVERSION
_b10
_c20130109
_lUCH01
_h1316
650 1 4 _aAgua
_xAprovechamiento
_xJalisco.
_92295
650 1 4 _aIrrigación
_xProyectos
_xJalisco.
_960457
650 1 4 _aPresa Ajojúcar, Jal.
_991418
901 _aBK
942 _cFOLL
949 _bBC
_cTES
_d-75896
_eTS1
_i32585
_si
949 _bBC
_cTES
_d-75898
_eTS2
_fc.2
_i32585
_si
999 _c27509
_d27509